Missing Word: Supermarket Slogans Quiz Stats

 Plays Quiz not verified by Sporcle

Support Sporcle.
Go Orange.
Score 0/14 Timer 03:00
0 Plays Today
Slogan Word % Correct
Do The Right _____Thing
89.8%
Spend A Little, Live A ___Lot
84.8%
Expect ____More
75.1%
Always ____ For YouThere
68.8%
Every ______ HelpsLittle
59.9%
___ On Quality, Lidl on PriceBig
59.2%
Oh Thank ______Heaven
57.9%
Slogan Word % Correct
____ MoneySave
57%
Live Well For ____Less
54.5%
Your neighbourhood _______ storeGrocery
41.2%
Save _____Money
40.9%
Affording the __________ is essentialEssentials
27.4%
Morrisons _____ itMakes
11%
There is a _____, we call it CarrefourTrust
4.2%

You're not logged in!

Compare scores with friends on all Sporcle quizzes.
OR
Log In

From the Vault

Blue Movies

by MovieGuru

Despite their primary color, many of these movies are pretty uplifting.
Remove Ads.
Support Sporcle.
Get the best of Sporcle when you Go Orange. This ad-free experience offers more features, more stats, and more fun while also helping to support Sporcle. Thank you for becoming a member.

Show Comments

Extras

Top Quizzes Today


Score Distribution

Your Account Isn't Verified!

In order to create a playlist on Sporcle, you need to verify the email address you used during registration. Go to your Sporcle Settings to finish the process.

Report this User

Report this user for behavior that violates our Community Guidelines.

Details: